LIBRARY & INFORMATION CENTRE, KCAET, TAVANUR

ONLINE PUBLIC ACCESS CATALOGUE (OPAC)

Rasagangadhara of Panditaraja sri Jagannatha / (Record no. 8468)

MARC details
000 -LEADER
fixed length control field 00490cam a2200181ua 4500
041 ## - LANGUAGE CODE
Language code of text/sound track or separate title hin
082 ## - DEWEY DECIMAL CLASSIFICATION NUMBER
Classification number 891.54
Item number PAN/RA
100 ## - MAIN ENTRY--AUTHOR NAME
Personal name Panditaraja, Sri Jagannatha .
245 ## - TITLE STATEMENT
Title Rasagangadhara of Panditaraja sri Jagannatha /
250 ## - EDITION STATEMENT
Edition statement 2 /
260 ## - PUBLICATION, DISTRIBUTION, ETC. (IMPRINT)
Place of publication Varanasi :
Name of publisher Chowkhamba Vidhyabhavan ,
Year of publication 1969.
300 ## - PHYSICAL DESCRIPTION
Number of Pages 784 ; .
942 ## - ADDED ENTRY ELEMENTS (KOHA)
Koha item type Books
Holdings
Withdrawn status Lost status Damaged status Home library Current library Date acquired Full call number Accession Number Koha item type
Withdrawn     KAUAET Sanskrit University 07/04/2012 891.54 12565 Books
free website counter